The bigger picture: how Eastern European workers will change British construction (Record no. 117643)
[ view plain ]
| 000 -LEADER | |
|---|---|
| fixed length control field | 01240cam a2200241 4500 |
| 001 - CONTROL NUMBER | |
| control field | ABS67892 |
| 008 - FIXED-LENGTH DATA ELEMENTS--GENERAL INFORMATION | |
| fixed length control field | 040702n2004 000 0 eng u |
| 035 ## - SYSTEM CONTROL NUMBER | |
| System control number | (Sirsi) u126683 |
| 100 ## - MAIN ENTRY--PERSONAL NAME | |
| Personal name | Broughton, T. |
| 245 #4 - TITLE STATEMENT | |
| Title | The bigger picture: how Eastern European workers will change British construction |
| 260 ## - PUBLICATION, DISTRIBUTION, ETC. | |
| Date of publication, distribution, etc. | 2004 |
| 490 ## - SERIES STATEMENT | |
| Series statement | Building |
| Volume/sequential designation | 269(8336) 11 June 2004, 24-26(3) |
| 520 ## - SUMMARY, ETC. | |
| Summary, etc. | Looks at how the enlargement of the EU has made a large pool of highly skilled and low paid workers available to British firms. The British market has also been opened to highly skilled and low cost contractors. Discusses the implications of hiring foreign workers legitimately, rather than illegally, as before. Examines the problems of having a multicultural, multilingual construction site. Concludes that while some employers may avoid employing foreign workers due to the increased amount of training and paperwork, the increase of this type of employment is here to stay. |
| 590 ## - LOCAL NOTE (RLIN) | |
| Local note | ABS |
| 590 ## - LOCAL NOTE (RLIN) | |
| Local note | ABS |
| 650 ## - SUBJECT ADDED ENTRY--TOPICAL TERM | |
| Topical term or geographic name entry element | EUROPEAN UNION |
| 650 ## - SUBJECT ADDED ENTRY--TOPICAL TERM | |
| Topical term or geographic name entry element | SKILLS SHORTAGES |
| 650 ## - SUBJECT ADDED ENTRY--TOPICAL TERM | |
| Topical term or geographic name entry element | FOREIGN CONTRACTORS |
| 650 ## - SUBJECT ADDED ENTRY--TOPICAL TERM | |
| Topical term or geographic name entry element | EASTERN EUROPE |
| 650 ## - SUBJECT ADDED ENTRY--TOPICAL TERM | |
| Topical term or geographic name entry element | LABOUR SHORTAGES |
| 690 ## - LOCAL SUBJECT ADDED ENTRY--TOPICAL TERM (OCLC, RLIN) | |
| Topical term or geographic name as entry element | BUILDING AND CONSTRUCTION-MANAGEMENT |
| 942 ## - ADDED ENTRY ELEMENTS (KOHA) | |
| Suppress in OPAC | 0 |
| Withdrawn status | Lost status | Source of classification or shelving scheme | Damaged status | Not for loan | Home library | Current library | Shelving location | Date acquired | Total Checkouts | Full call number | Barcode | Date last seen | Copy number | Price effective from | Koha item type |
|---|---|---|---|---|---|---|---|---|---|---|---|---|---|---|---|
| Dewey Decimal Classification | London | London | Journal article | 02/07/2004 | ABS67892 | 126683-1001 | 06/08/2019 | 1 | 06/08/2019 | Journal article |